01063cam a2200313 a 450000100090000000300040000900500170001300800410003001000170007102000250008802000220011302000180013502000180015304000180017104200080018905000220019708200170021910000230023624500500025925000120030926000370032130000490035850000200040765000130042770000200044085601060046085600910056685600920065717354946OSt20150408114157.0120620s2013 nyuab 001 0 eng  a 2012020025 a9780073524177 (hbk.) a0073524174 (hbk.) a9780076637683 a9780071318587 aDLCcDLCdDLC apcc00aQL47.2b.M55 201300a590223bMSZ1 aMiller, Stephen A.10aZoology /cStephen A. Miller, John P. Harley. a9th ed. aNew York :bMcGraw-Hill,cc2013. axiv, 617 p. :bcol. ill, col. maps ;c29 cm. aIncludes index. 0aZoology.1 aHarley, John P.423Contributor biographical informationuhttp://www.loc.gov/catdir/enhancements/fy1304/2012020025-b.html423Publisher descriptionuhttp://www.loc.gov/catdir/enhancements/fy1304/2012020025-d.html413Table of contents onlyuhttp://www.loc.gov/catdir/enhancements/fy1304/2012020025-t.html